| 000 | 00925nmc a2200289 a 4500 | ||
|---|---|---|---|
| 003 | AR-BaBNM | ||
| 005 | 20251128204952.0 | ||
| 008 | 011101s1995 ||||||||||||||000 | spa|| | ||
| 020 | _a950-9467-61-8 | ||
| 040 | _cAR-BaBNM | ||
| 100 | 1 | _aRamírez Garrido, Juan Daniel | |
| 245 | 1 | 0 |
_aUsos de la palabra y sus tecnologías _buna aproximación dialógica al estudio de la alfabetización |
| 260 |
_aBuenos Aires _bMiño y Dávila _c1995 |
||
| 300 | 0 | _a138 p. | |
| 490 | 0 | _aAprendizaje y subjetividad | |
| 504 | _aContiene notas bibliográficas en p. 131 | ||
| 650 | 4 | _aENSENANZA DE LA LENGUA MATERNA | |
| 650 | 4 | _aALFABETIZACION | |
| 650 | 4 | _aPROCESO DE APRENDIZAJE | |
| 650 | 4 | _aEDUCACION DE ADULTOS | |
| 650 | 4 | _aPAPEL DEL LENGUAJE | |
| 653 | _aLECTOESCRITURA | ||
| 653 | _aANALISIS DEL DISCURSO | ||
| 700 | 1 |
_aColl Salvador, Juan Daniel _eprologuista |
|
| 800 | 1 | _aSchlemenson de Ons, Silvia | |
| 942 | _cBK | ||
| 999 |
_c9525 _d9525 |
||